Statistiques concernant L'outre-mer français : 9 - Saint-Martin

Cliquez ici pour prendre le quiz!

Statistiques générales

  • Ce quiz a été pris 60 fois
  • Le résultat moyen est 9 sur 18

Statistiques - réponses

HintRéponse% Correct
Océan dans lequel se trouve cette îleAtlantique
98%
Pays avec lequel la France partage l'îlePays-Bas
91%
Mer sur la façade ouest de l'îleMer des Caraïbes
89%
Avant 2007, Saint-Martin était rattachée à ce départementGuadeloupe
80%
Archipel auquel appartient Saint-MartinPetites Antilles
74%
Secteur économique principalTourisme
72%
Pays qui a plusieurs fois contesté la souveraineté française sur Saint-MartinRoyaume-Uni
61%
Île la plus proche (appartient au Royaume-Uni)Anguilla
57%
Nom de la capitale, pas très flatteurMarigot
57%
Fête traditionnelle qui se déroule durant plusieurs semaines en début d'annéeCarnaval
56%
Ouragan qui a dévasté l'île en 2017Irma
56%
Pays le plus procheSaint Christophe et Nievès
46%
Contrairement à Saint-Barthélémy ou Saint-Pierre et Miquelon, Saint-Martin fait partie intégrante de cette structure supranationaleUnion européenne
37%
Nom du point culminant, qui est aussi le nom d'un lieu de délices, en totale contradiction avec le nom de la capitale !Pic Paradis
28%
Leader mondial que François Mitterrand a rencontré à Saint-Martin en 1989George Bush
19%
Ethnie amérindienne vivant à Saint-Martin à l'époque précolombienneArawaks
11%
Ce "privilège", permis par une loi de 1986, a semble-t-il boosté l'essor économique de l'îleDéfiscalisation
11%
Production locale assez inattendue (ce n'est pas du sucre, quoi !), qui périclitera et disparaîtra dans les années 1960Sel
6%

Distribution des résultats

Percentile par nombre de réponses

% des personnes avec chaque résultat

Votre développement - résultats

Vous n’avez pas pris ce quiz